00782nam a2200193 a 450000100100000000500170001000800410002704000250006810000380009324501210013126000820025230000200033449000340035450400290038883000400041704900090045795201050046699900170057100003028520200930060211.0110509s1988 dr 000 0 spa d aDO-SdBNPbspacBNPHU1 aPellerano Morilla, Fernando9848210aFuga de capitales en la República Dominicana :bconceptos, magnitudes y políticas /cFernando Pellerano Morillo. aSanto Domingo:aFundación Friederich Ebert,c1988.fEditora Amigo del Hogar a32 p. ;c23 cm.1 aEstudios económico-sociales aBibliografía: p. 29-30 0aEstudios económico-sociales97893 aBNPD 0010718PDaPDbPDcCTd2011-05-09iLF1l0o p30285-10r2020-06-25w2020-06-25yLFPDZNo se presta c29777d29777